| 000 | 00940nam a22002175i 4500 | ||
|---|---|---|---|
| 001 | 158976 | ||
| 003 | ES-MaACL | ||
| 005 | 20250830073541.0 | ||
| 008 | 010903s1847 mx |||| | spa d | ||
| 040 |
_aCCPB | B _bspa _cCCPB | B |
||
| 100 | 1 |
_aRipalda, Jerónimo de, _d1536-1618 _9223864 |
|
| 245 | 1 | 0 |
_aCatecismo y exposición breve de la doctrina cristiana / _cpor Gerónimo de Ripalda de la Compañía de Jesús ; traducida al idioma yucateco con unos afectos para socorrer a los moribundos por Fr. Joaquín Ruz. |
| 260 |
_aMérida de Yucatán : _b[s.n.], _c1847 ( _fimpreso por José D. Espinosa) |
||
| 300 |
_a88 p. ; _c16 cm. |
||
| 594 | 1 | _aPreliminares en español y texto en yucateco. | |
| 650 | 7 |
_aCatecismos _2embne _910845 |
|
| 700 | 1 | 1 |
_aRuz, Joaquín, _etrad. _9132210 |
| 752 |
_aMéxico - _dMérida de Yucatán |
||
| 852 |
_aES-MaACL _jR-1769 _z-- Enc. hol. _xOlim D-3874 |
||
| 999 |
_c158976 _d158976 |
||